000 00382nam a2200145Ia 4500
008 231129s2008||||xx |||||||||||||| ||spa||
020 _a978-958-30-2898-4
040 _bspa
082 _aCo863.6 Z36u
100 _aZárate Moreno Jesús
245 0 _aUn perro aúlla en la noche
260 _c2008
264 _aPanamericana
942 _2ddc
_cBKS
999 _c25891
_d25891